Diccionario de expresiones y frases latinas
Bewaard in:
| Hoofdauteur: | |
|---|---|
| Formaat: | Boek |
| Taal: | Spaans |
| Gepubliceerd in: |
Madrid
Gredos
2010
|
| Editie: | 4a. ed |
| Onderwerpen: | |
| Tags: |
Voeg label toe
Geen labels, Wees de eerste die dit record labelt!
|
MARC
| LEADER | 00000cam a2200000 a 4500 | ||
|---|---|---|---|
| 001 | UCD1713 | ||
| 003 | CL-VaPUC | ||
| 008 | 160324e20101000sp |||||||||||||||||spa|d | ||
| 020 | |a 9788424917265 | ||
| 082 | 0 | 4 | |a 463 |b HER |2 21 |
| 100 | |a Herrero Llorente, Víctor-José |e autor |9 584867 | ||
| 245 | 1 | 0 | |a Diccionario de expresiones y frases latinas |
| 250 | |a 4a. ed | ||
| 300 | |a 1068 p | ||
| 942 | |c BK | ||
| 945 | |d 20160324 12:59:00 |a arojas | ||
| 260 | |a Madrid |b Gredos |c 2010 | ||
| 650 | 0 | |a Diccionario Español |9 255650 | |
| 650 | 7 | |a MODISMOS |2 CL-VaPUC |9 416810 | |
| 650 | 7 | |a FRASES - DICCIONARIOS |2 CL-VaPUC |9 464822 | |
| 651 | 0 | |a Latinoamérica |9 316393 | |
| 583 | |a last modification |c 20160324 12:59:00 |k Rodrigo Vera | ||
| 999 | |c 362984 |d 362982 | ||
| 952 | |0 0 |1 0 |3 erd |4 0 |6 463_000000000000000_HER_2010 |7 0 |8 X |9 474639 |a BIBEDU |b BIBEDU |i 5267692 |o 463 HER 2010 |p 5267692 |r 2023-01-13 |w 2019-11-24 |y BK_X |z Catalogado en:20160324 |k FIL | ||